| 000 | 00553nam a2200181Ia 4500 | ||
|---|---|---|---|
| 003 | GCL | ||
| 008 | 140319s9999 xx 000 0 ara d | ||
| 040 |
_aGCL / _cGCL |
||
| 082 | 0 | 4 |
_a230 _bد ا |
| 100 | 1 | _aدار نهر النيل | |
| 245 | 1 | 0 |
_aالاحاديث القدسية (ج1 , ج2) / _cدار نهر النيل |
| 300 | _a447 ص | ||
| 490 |
_aالهيئة العامة للاستعلامات _v0 |
||
| 650 | 0 | 4 | _aالاحاديث النبوية |
| 650 | 0 | 4 | _aالاحاديث |
| 650 | 0 | 4 | _aالاحاديث القدسية |
| 942 |
_2ddc _cBK |
||
| 999 |
_c51961 _d51961 |
||